Özv. Farkas Györgyné szül. Nagypál Anna [gyászjelentés]
Elmentve itt :
| Dokumentumtípus: | Cikk |
|---|---|
| Megjelent: |
1937-12-05
|
| Sorozat: | Délmagyarország
13 No. 278 |
| Kulcsszavak: | Farkas Györgyné Nagypál Anna özv., Gyászjelentés |
| Online Access: | http://dmarchiv.bibl.u-szeged.hu/40576 |
| LEADER | 00477nab a2200145 i 4500 | ||
|---|---|---|---|
| 001 | delm40576 | ||
| 005 | 20180927130027.0 | ||
| 008 | 180927s1937 hu o 0|| hun d | ||
| 040 | |a SZTE Délmagyarország Archívum |b hun | ||
| 041 | |a hun | ||
| 245 | 0 | 0 | |a Özv. Farkas Györgyné szül. Nagypál Anna |h [elektronikus dokumentum] : |b [gyászjelentés] |
| 260 | |c 1937-12-05 | ||
| 300 | |a 15 | ||
| 490 | 0 | |a Délmagyarország |v 13 No. 278 | |
| 695 | |a Farkas Györgyné Nagypál Anna özv., Gyászjelentés | ||